00725nam a2200181 a 450000100100000000500170001000800410002702000150006804000250008308200150010810000290012324501740015226000310032630000210035770000350037895201130041399900170052600004161020201002035650.0131014s1999 sp 000 0 spa d a9580458138 aDO-SdBNPbspacBNPHU axxxxbxxxx1 aShapiro, David A.96838510aCómo tomar decisiones correctas / :bsabiduría práctica para enfrentar los dilemas morales de todos los días /cDavid A. Shapiro ; traducción Elvira Maldonado. aBarcelona :bNorma,c1999. a281 p. ;c22 cm.1 aMaldonado, Elvira,etr.968386 001050718MOaGRbGRcHDd2013-10-14iLF1l0oxxxx xxxxp41610-10r2020-06-25w2020-06-25y1ZNo se presta c41100d41100